Top Goalscorer for Each Club in Europe's Top 5 Leagues 2025/26 - Statistics

General Stats
  • This quiz has been taken 14 times
  • The average score is 44 of 112
Answer Stats
League Club Goals Nat. Answer % Correct
Premier League Manchester City 27 ๐Ÿ‡ณ๐Ÿ‡ด Erling Haaland
100%
Bundesliga Bayern Munich 36 ๐Ÿด๓ ง๓ ข๓ ฅ๓ ฎ๓ ง๓ ฟ Harry Kane
92%
Serie A Inter Milan 17 ๐Ÿ‡ฆ๐Ÿ‡ท Lautaro Martinez
92%
Premier League Aston Villa 16 ๐Ÿด๓ ง๓ ข๓ ฅ๓ ฎ๓ ง๓ ฟ Ollie Watkins
92%
Premier League Manchester United 11 ๐Ÿ‡ธ๐Ÿ‡ฎ Benjamin Sesko
85%
Premier League Liverpool 11 ๐Ÿ‡ซ๐Ÿ‡ท Hugo Ekitike
85%
La Liga Real Madrid 25 ๐Ÿ‡ซ๐Ÿ‡ท Kylian Mbappe
85%
Serie A AC Milan 9 ๐Ÿ‡ต๐Ÿ‡น Rafael Leao
85%
Bundesliga Borussia Dortmund 17 ๐Ÿ‡ฌ๐Ÿ‡ณ Serhou Guirassy
85%
La Liga Deportivo Alavรฉs 14 ๐Ÿ‡ช๐Ÿ‡ธ Toni Martinez
85%
Premier League Arsenal 14 ๐Ÿ‡ธ๐Ÿ‡ช Viktor Gyokeres
85%
La Liga Atlรฉtico Madrid 13 ๐Ÿ‡ณ๐Ÿ‡ด Alexander Sorloth
77%
Premier League Newcastle United 9 ๐Ÿ‡ง๐Ÿ‡ท Bruno Guimaraes
77%
Bundesliga RB Leipzig 13 ๐Ÿ‡ฆ๐Ÿ‡น Christoph Baumgartner
77%
Premier League Crystal Palace 12 ๐Ÿ‡ซ๐Ÿ‡ท Jean-Philippe Mateta
77%
Premier League Chelsea 15 ๐Ÿ‡ง๐Ÿ‡ท Joao Pedro
77%
Serie A Juventus 10 ๐Ÿ‡น๐Ÿ‡ท Kenan Yildiz
77%
La Liga Barcelona 16 ๐Ÿ‡ช๐Ÿ‡ธ Lamine Yamal
77%
Bundesliga Bayer Leverkusen 16 ๐Ÿ‡จ๐Ÿ‡ฟ Patrik Schick
77%
Serie A Lazio 5 ๐Ÿ‡ช๐Ÿ‡ธ Pedro
77%
Bundesliga TSG Hoffenheim 14 ๐Ÿ‡ญ๐Ÿ‡ท Andrej Kramariฤ‡
69%
Ligue 1 Paris Saint-Germain 11 ๐Ÿ‡ซ๐Ÿ‡ท Bradley Barcola
69%
Premier League Manchester United 11 ๐Ÿ‡จ๐Ÿ‡ฒ Bryan Mbeumo
69%
Bundesliga VfB Stuttgart 19 ๐Ÿ‡ฉ๐Ÿ‡ช Deniz Undav
69%
La Liga Barcelona 16 ๐Ÿ‡ช๐Ÿ‡ธ Ferran Torres
69%
Serie A Napoli 12 ๐Ÿ‡ฉ๐Ÿ‡ฐ Rasmus Hojlund
69%
Premier League Tottenham Hotspur 11 ๐Ÿ‡ง๐Ÿ‡ท Richarlison
69%
Serie A AS Roma 14 ๐Ÿ‡ณ๐Ÿ‡ฑ Donyell Malen
62%
Premier League Brentford 22 ๐Ÿ‡ง๐Ÿ‡ท Igor Thiago
62%
Premier League West Ham United 9 ๐Ÿด๓ ง๓ ข๓ ฅ๓ ฎ๓ ง๓ ฟ Jarrod Bowen
62%
Premier League Nottingham Forest 15 ๐Ÿด๓ ง๓ ข๓ ฅ๓ ฎ๓ ง๓ ฟ Morgan Gibbs-White
62%
La Liga Osasuna 17 ๐Ÿ‡ญ๐Ÿ‡ท Ante Budimir
54%
Premier League Sunderland 7 ๐Ÿ‡ณ๐Ÿ‡ฑ Brian Brobbey
54%
Premier League Bournemouth 13 ๐Ÿ‡ซ๐Ÿ‡ท Eli Junior Kroupi
54%
Bundesliga Hamburger SV 7 ๐Ÿ‡ต๐Ÿ‡น Fabio Vieira
54%
Ligue 1 AS Monaco 13 ๐Ÿ‡บ๐Ÿ‡ธ Folarin Balogun
54%
La Liga Villarreal 13 ๐Ÿ‡ฌ๐Ÿ‡ช Georges Mikautadze
54%
Serie A Atalanta 10 ๐Ÿ‡ฎ๐Ÿ‡น Gianluca Scamacca
54%
Ligue 1 Olympique Marseille 16 ๐Ÿด๓ ง๓ ข๓ ฅ๓ ฎ๓ ง๓ ฟ Mason Greenwood
54%
Bundesliga Mainz 05 12 ๐Ÿ‡ฉ๐Ÿ‡ช Nadiem Amiri
54%
Premier League Wolverhampton Wanderers 3 ๐Ÿ‡ต๐Ÿ‡น Rodrigo Gomes
54%
Premier League Brighton & Hove Albion 13 ๐Ÿด๓ ง๓ ข๓ ฅ๓ ฎ๓ ง๓ ฟ Danny Welbeck
46%
Premier League Leeds United 14 ๐Ÿด๓ ง๓ ข๓ ฅ๓ ฎ๓ ง๓ ฟ Dominic Calvert-Lewin
46%
Premier League Fulham 10 ๐Ÿด๓ ง๓ ข๓ ท๓ ฌ๓ ณ๓ ฟ Harry Wilson
46%
Bundesliga VfL Wolfsburg 8 ๐Ÿ‡ฉ๐Ÿ‡ฟ Mohamed Amoura
46%
Serie A Fiorentina 8 ๐Ÿ‡ฎ๐Ÿ‡น Moise Kean
46%
Serie A Bologna 10 ๐Ÿ‡ฎ๐Ÿ‡น Riccardo Orsolini
46%
Serie A Como 14 ๐Ÿ‡ฌ๐Ÿ‡ท Anastasios Douvikas
38%
La Liga Elche 10 ๐Ÿ‡ต๐Ÿ‡น Andre Silva
38%
Premier League Everton 9 ๐Ÿ‡ฌ๐Ÿ‡ผ Beto
38%
Bundesliga Borussia Mรถnchengladbach 13 ๐Ÿ‡ง๐Ÿ‡ฆ Haris Tabakoviฤ‡
38%
Bundesliga SC Freiburg 11 ๐Ÿ‡ญ๐Ÿ‡ท Igor Matanovic
38%
Ligue 1 Strasbourg 16 ๐Ÿ‡ฆ๐Ÿ‡ท Joaquรญn Panichelli
38%
Bundesliga Eintracht Frankfurt 13 ๐Ÿ‡ฉ๐Ÿ‡ช Jonathan Burkardt
38%
La Liga Real Sociedad 15 ๐Ÿ‡ช๐Ÿ‡ธ Mikel Oyarzabal
38%
Serie A Atalanta 10 ๐Ÿ‡ฒ๐Ÿ‡ช Nikola Krstovic
38%
Bundesliga 1. FC Kรถln 13 ๐Ÿ‡ฉ๐Ÿ‡ช Said El Mala
38%
La Liga Real Mallorca 23 ๐Ÿ‡ฝ๐Ÿ‡ฐ Vedat Muriqi
38%
Serie A Sassuolo 9 ๐Ÿ‡ฎ๐Ÿ‡น Andrea Pinamonti
31%
La Liga Real Betis 11 ๐Ÿ‡จ๐Ÿ‡ด Cucho Hernandez
31%
Ligue 1 Stade Rennais 20 ๐Ÿ‡ซ๐Ÿ‡ท Esteban Lepaul
31%
Serie A Cremonese 10 ๐Ÿ‡ฎ๐Ÿ‡น Federico Bonazzoli
31%
Serie A Torino 11 ๐Ÿ‡ฆ๐Ÿ‡ท Giovanni Simeone
31%
Ligue 1 Lille 8 ๐Ÿ‡ฎ๐Ÿ‡ธ Hakon Arnar Haraldsson
31%
Ligue 1 Lille 8 ๐Ÿ‡ง๐Ÿ‡ช Matias Fernandez-Pardo
31%
Bundesliga FC Augsburg 6 ๐Ÿ‡ฆ๐Ÿ‡น Michael Gregoritsch
31%
Bundesliga Union Berlin 6 ๐Ÿด๓ ง๓ ข๓ ณ๓ ฃ๓ ด๓ ฟ Oliver Burke
31%
Ligue 1 Olympique Lyon 11 ๐Ÿ‡จ๐Ÿ‡ฟ Pavel ล ulc
31%
Serie A Cagliari 7 ๐Ÿ‡ฎ๐Ÿ‡น Sebastiano Esposito
31%
Premier League Burnley 11 ๐Ÿ‡ณ๐Ÿ‡ฑ Zian Flemming
31%
La Liga Celta Vigo 14 ๐Ÿ‡ช๐Ÿ‡ธ Borja Iglesias
23%
Serie A Hellas Verona 7 ๐Ÿ‡ณ๐Ÿ‡ฌ Gift Orban
23%
Bundesliga Werder Bremen 10 ๐Ÿ‡ฉ๐Ÿ‡ฐ Jens Stage
23%
Serie A Udinese 10 ๐Ÿด๓ ง๓ ข๓ ฅ๓ ฎ๓ ง๓ ฟ Keinan Davis
23%
Serie A Genoa 7 ๐Ÿ‡ฎ๐Ÿ‡น Lorenzo Colombo
23%
Serie A Parma 9 ๐Ÿ‡ฆ๐Ÿ‡ท Mateo Pellegrino
23%
Ligue 1 RC Lens 12 ๐Ÿ‡ซ๐Ÿ‡ท Odsonne ร‰douard
23%
Premier League Wolverhampton Wanderers 3 ๐Ÿ‡บ๐Ÿ‡พ Santiago Bueno
23%
La Liga Sevilla 10 ๐Ÿ‡ณ๐Ÿ‡ฌ Akor Adams
15%
Bundesliga 1. FC Heidenheim 5 ๐Ÿ‡ฌ๐Ÿ‡ช Budu Zivzivadze
15%
Ligue 1 Olympique Lyon 11 ๐Ÿ‡ซ๐Ÿ‡ท Corentin Tolisso
15%
La Liga Athletic Bilbao 10 ๐Ÿ‡ช๐Ÿ‡ธ Gorka Guruzeta
15%
La Liga Valencia 10 ๐Ÿ‡ช๐Ÿ‡ธ Hugo Duro
15%
Ligue 1 Paris FC 9 ๐Ÿ‡ฉ๐Ÿ‡ฟ Ilan Kebbal
15%
La Liga Espanyol 8 ๐Ÿ‡ช๐Ÿ‡ธ Kike Garcia
15%
Serie A Lecce 5 ๐Ÿ‡ฟ๐Ÿ‡ฒ Lameck Banda
15%
La Liga Getafe 6 ๐Ÿ‡บ๐Ÿ‡พ Martin Satriano
15%
Ligue 1 OGC Nice 8 ๐Ÿ‡ฒ๐Ÿ‡ฆ Sofiane Diop
15%
Serie A Pisa 7 ๐Ÿ‡ฎ๐Ÿ‡น Stefano Moreo
15%
Premier League Wolverhampton Wanderers 3 ๐Ÿ‡ณ๐Ÿ‡ฌ Toluwalase Arokodare
15%
Ligue 1 Lorient 10 ๐Ÿ‡ธ๐Ÿ‡ณ Bamba Dieng
8%
La Liga Levante 11 ๐Ÿ‡ช๐Ÿ‡ธ Carlos Espi
8%
Bundesliga FC St. Pauli 5 ๐Ÿ‡ฑ๐Ÿ‡บ Daniel Sinani
8%
Bundesliga VfL Wolfsburg 8 ๐Ÿ‡ฉ๐Ÿ‡ช Dzenan Pejcinovic
8%
Bundesliga FC Augsburg 6 ๐Ÿ‡จ๐Ÿ‡ญ Fabian Rieder
8%
La Liga Real Oviedo 9 ๐Ÿ‡บ๐Ÿ‡พ Federico Vinas
8%
Premier League Wolverhampton Wanderers 3 ๐Ÿ‡ต๐Ÿ‡น Mateus Mane
8%
La Liga Getafe 6 ๐Ÿ‡บ๐Ÿ‡พ Mauro Arambarri
8%
La Liga Girona 9 ๐Ÿ‡บ๐Ÿ‡ฆ Vladyslav Vanat
8%
Ligue 1 RC Lens 12 ๐Ÿ‡ซ๐Ÿ‡ท Wesley Said
8%
Bundesliga FC Augsburg 6 ๐Ÿ‡ฉ๐Ÿ‡ช Anton Kade
0%
Ligue 1 Metz 8 ๐Ÿ‡ซ๐Ÿ‡ท Gauthier Hein
0%
Serie A Lazio 5 ๐Ÿ‡ฉ๐Ÿ‡ฐ Gustav Iskasen
0%
Ligue 1 Le Havre 8 ๐Ÿ‡ธ๐Ÿ‡ณ Issa Soumare
0%
La Liga Rayo Vallecano 10 ๐Ÿ‡ช๐Ÿ‡ธ Jorge de Frutos
0%
Ligue 1 AJ Auxerre 12 ๐Ÿ‡ฒ๐Ÿ‡ฑ Lassine Sinayoko
0%
Ligue 1 Nantes 6 ๐Ÿ‡ซ๐Ÿ‡ท Matthis Abline
0%
Ligue 1 Lorient 10 ๐Ÿ‡ซ๐Ÿ‡ท Pablo Pagis
0%
Ligue 1 Angers 5 ๐Ÿ‡ซ๐Ÿ‡ท Prosper Peter
0%
Ligue 1 Stade Brestois 9 ๐Ÿ‡ซ๐Ÿ‡ท Romain Del Castillo
0%
Bundesliga 1. FC Heidenheim 5 ๐Ÿ‡ฉ๐Ÿ‡ช Stefan Schimmer
0%
Ligue 1 Toulouse 8 ๐Ÿ‡ซ๐Ÿ‡ท Yann Gboho
0%
No matching quizzes found
Score Distribution
Percent of People with Each Score
Percentile by Number Answered
Your Score History
You have not taken this quiz